00774cam a22002177a 4500003000500000005001700005008004100022010001000063011001000073035001000083040000900093082001500102100003200117245014200149260007300291300001100364490005500375650004400430650002700474830005500501CHAP20220329135912.0971013s1980 r 00010 d a43899 a44871 a49010 cCHAP a338.1bS3500aSaid Noori-Naini, Mohammad.13aAn economic analysis of resource allocation issues in traditional agriculture; a case study of the Neishaboor District of Irán, 1969-70 aIthaca, N.Y. :bState College of Agriculture and Life Science,c1980 a100 p. 0aCornell International Agriculture Mineographv; 6114aAgriculturaxAspectos economicosxIran.14aAgriculturaxFinanzas.0 aCornell International Agriculture Mineographv; 61